Missing Word: 'D' History Figures Quiz Stats

Quiz Updated Aug 7, 2015

Challenge
Share
Tweet
Embed
Score 0/30 Timer 03:00
0 Plays Today
Hint Answer % Correct
Charles ____ - evolution theoristDarwin
98.2%
Salvador ____ - painterDalí
95.2%
____ Tutu - human rights activistDesmond
88.5%
Charles ____ - Victorian authorDickens
86.1%
Jefferson ____ - Confederate presidentDavis
82.7%
____ Gillespie - jazz musicianDizzy
79.9%
Sir Francis ____ - privateerDrake
79.2%
____ Alighieri - epic poetDante
68.4%
Emily ____ - poetDickinson
67.7%
René ____ - mathematicianDescartes
67%
Frederick ____ - abolitionistDouglass
66.7%
Edgar ____ - impressionist painterDegas
65.3%
____ Fossey - primatologistDian
64.6%
____ Rivera - painterDiego
62.1%
____ Hume - enlightenment philosopherDavid
57.1%
Hint Answer % Correct
____ Ortega - Sandinista leaderDaniel
56.9%
Fyodor ____ - authorDostoyevsky
54.7%
____ Xiaoping - Chinese Communist leaderDeng
40.9%
____ Mendeleev - chemistDmitri
38.8%
Dorothea ____ - mental health activistDix
31.3%
____ Fu - Tang poetDu
30.7%
____ Lessing - authorDoris
30.2%
Alfred ____ - wrongly accused French traitorDreyfus
24.6%
____ the Great - Achaemenid kingDarius
17.6%
Louis ____ - father of photographyDaguerre
16.1%
____ Rousseff - President of BrazilDilma
14.2%
Denis ____ - enlightenment philosopherDiderot
12.5%
____ - 3rd century Roman emperorDiocletian
10.2%
____ Huerta - labor activistDolores
8.3%
Rudolf ____ - Gestapo chiefDiels
2.8%

Today's Daily Dose

You're not logged in!

Compare scores with friends on all Sporcle quizzes.
Sign Up with Email
OR
Log In

You Might Also Like...

Show Comments

Extras

Top Quizzes Today


Score Distribution

Your Account Isn't Verified!

In order to create a playlist on Sporcle, you need to verify the email address you used during registration. Go to your Sporcle Settings to finish the process.